Politics, gender, and the arts : women, the arts, and society /

Bibliographic Details
Corporate Author: Conference on Women, the Arts, and Society
Other Authors: Dotterer, Ronald L., 1948-, Bowers, Susan
Format: Conference Proceeding Book
Language:English
Published: Selinsgrove : London : Susquehanna University Press ; Associated University Presses, [1992]
Series:Susquehanna University studies.
Subjects:

MARC

Tag First Indicator Second Indicator Subfields
LEADER 00000cam a2200000 a 4500
001 in00001129621
005 20150930071300.0
008 930205s1992 paua b 101 0 eng d
020 |z 094563630x 
035 |a (OCoLC)27375604 
035 |9 AFW0724AM 
040 |a XAV  |c XAV  |d PIT  |d TXA  |d UtOrBLW 
049 |a TXAM 
090 |a NX180.F4  |b .P64 1992 
092 |a 700/.1/03  |2 20 
245 0 0 |a Politics, gender, and the arts :  |b women, the arts, and society /  |c edited by Ronald Dotterer and Susan Bowers. 
264 1 |a Selinsgrove :  |b Susquehanna University Press ;  |a London :  |b  Associated University Presses,  |c [1992] 
264 4 |c ©1992 
300 |a 210 pages :  |b illustrations ;  |c 24 cm. 
336 |a text  |b txt  |2 rdacontent 
337 |a unmediated  |b n  |2 rdamedia 
338 |a volume  |b nc  |2 rdacarrier 
490 1 |a Susquehanna University Studies 
500 |a These essays were selected from presentations made at the Conference on Women, the Arts, and Society. 
504 |a Includes bibliographical references and index. 
650 0 |a Feminism in the arts  |x Congresses. 
650 0 |a Women in art  |v Congresses. 
700 1 |a Dotterer, Ronald L.,  |d 1948- 
700 1 |a Bowers, Susan. 
711 2 |a Conference on Women, the Arts, and Society  |d (1988 :  |c Susquehanna University) 
830 0 |a Susquehanna University studies. 
999 |a MARS 
999 f f |s 3b8f4897-c52c-330b-8c01-50575ea335b9  |i b8f15523-a3c4-3c24-aa77-93807ec88919  |t 0 
952 f f |p normal  |a Texas A&M University  |b College Station  |c Sterling C. Evans Library  |d Evans: Library Stacks  |t 0  |e NX180.F4 P64 1992  |h Library of Congress classification  |i unmediated -- volume  |m A14817111322 
998 f f |a NX180.F4 P64 1992  |t 0  |l Evans: Library Stacks